Masjid sebagai pusat pembangunan masyarakat Islam (Record no. 109519)

MARC details
000 -LEADER
fixed length control field 00879nam a2200241 i 4500
001 - CONTROL NUMBER
control field C2-0306648
003 - CONTROL NUMBER IDENTIFIER
control field PPAK
005 - DATE AND TIME OF LATEST TRANSACTION
control field 20180728092949.0
008 - FIXED-LENGTH DATA ELEMENTS--GENERAL INFORMATION
fixed length control field 101202s1989 my |||| ||||| | may d
040 ## - CATALOGING SOURCE
Original cataloging agency PPAK
Language of cataloging eng
Transcribing agency PPAK
Description conventions rda
082 04 - DEWEY DECIMAL CLASSIFICATION NUMBER
Classification number 297.65
Edition number 23
090 00 - LOCALLY ASSIGNED LC-TYPE CALL NUMBER (OCLC); LOCAL CALL NUMBER (RLIN)
Classification number (OCLC) (R) ; Classification number, CALL (RLIN) (NR) 297.65
Feature heading NIK
Feature heading KSA
100 0# - MAIN ENTRY--PERSONAL NAME
Personal name Nikmat bin Yusof,
Titles and words associated with a name Ustaz
Relator term author
245 10 - TITLE STATEMENT
Title Masjid sebagai pusat pembangunan masyarakat Islam
264 #1 - PRODUCTION, PUBLICATION, DISTRIBUTION, MANUFACTURE, AND COPYRIGHT NOTICE
Place of production, publication, distribution, manufacture Alor Setar, Kedah :
Name of producer, publisher, distributor, manufacturer Majlis Agama Islam Negeri Kedah ,
Date of production, publication, distribution, manufacture, or copyright notice 1989
300 ## - PHYSICAL DESCRIPTION
Extent 7 pages ;
Dimensions 28 cm
336 ## - CONTENT TYPE
Source rdacontent
Content type term text
337 ## - MEDIA TYPE
Source rdamedia
Media type term unmediated
338 ## - CARRIER TYPE
Source rdacarrier
Carrier type term volume
500 ## - GENERAL NOTE
General note Teks dalam tulisan jawi ; Kertas kerja di Seminar Pembangunan Masjid di Masjid Zahir Alor Setar pada 21.10.1989 ; Teks dalam tulisan Jawi.
650 10 - SUBJECT ADDED ENTRY--TOPICAL TERM
Topical term or geographic name entry element Mosques as community centers. ; Mosques - Organization and administration.
942 ## - ADDED ENTRY ELEMENTS (KOHA)
-- dc
Koha item type Book
Holdings
Withdrawn Not for loan Current library Shelving location Date acquired Full call number Barcode Date last seen Koha item type
  Not For Loan Perpustakaan Alor Setar Koleksi S.N. Shahnon Ahmad 02/12/2010 KSA 297.65 NIK A00204687 09/05/2018 Book